000 00393cam a22001097a 4500
008 180718b xxu||||| |||| 00| 0 eng d
082 _aR8x5452 T152
245 _aIndustrial relations and labour welfare in TamilNadu
_cby Director of Information & Public Relations
260 _aMadras
_bGovernment of Tamil Nadu
_c
300 _av.p.
700 _aTamil Nadu. Director of Information & Public Relations
999 _c496465
_d496465